00456cam a22001337a 4500008004000000082001400040245009000054260002400144300001500168650004900183650003500232650003300267700002200300180718b1983 xxu||||| |||| 00| 0 eng d aCOx54 C37 aReadings in the constitutional history of India 1757-1947cedited by S.V. Desika Char aDelhibOxfordc1983 axcii, 789p aIndia --Politics and government --1765-1947. aConstitutional history --India aEast India Company --History aChar, S.V. Desika